00426nam a22001457a 450000500170000001000190001702000260003603700120006208200190007410000200009324500570011326000410017027000480021130000210025920221205114121.0 aE.N.A./7.11.22 a9789356222212c995.00 bTaxmann 2 Third edition aPanda, Tapan k. aMarketing Management/bText and CasescTapan K Panda aNew DelhibTaxmann Publicationc2022 a59/32, NEW ROHTAK ROAD, bNEW DELHIe110005 a835pc24cm (PBK)